000 00300nam a2200133Ia 4500
008 191201s2007 xx 000 0 und d
100 _aRASHID, Muhammad
245 0 _aPower Electronics
250 _a3rd
260 _aN.Delhi
_bTMH
_c2007
300 _a475
650 _aB.Tech(ECE)
942 _2ddc
_cBK
999 _c3230
_d3230